[Event "Warsaw Chess Open 2022 - A"]
[Site "Warsaw"]
[Date "1899-12-30"]
[Round "9.6"]
[White "Krawczyk, Flawian"]
[Black "Antolak, Julia"]
[Result "1-0"]
[WhiteTitle "I++"]
[BlackTitle "WGM"]
[WhiteElo "2162"]
[BlackElo "2399"]

1. e4 c6 2. d4 d5 3. Nc3 g6 4. Nf3 Bg7 5. h3 Nf6 6. Bd3 dxe4 7. Nxe4 Nxe4 8. Bxe4
O-O 9. c3 Nd7 10. O-O c5 11. Bc2 cxd4 12. Nxd4 e5 13. Nb5 Nb6 14. Bb3 Bd7 15.
a4 a6 16. Nd6 Bc6 17. a5 Nd7 18. Be3 Qe7 19. Qd2 Kh8 20. Rfd1 f5 21. f3 f4 22.
Bf2 e4 23. Nxe4 Ne5 24. Bc5 Qh4 25. Bxf8 Rxf8 26. Qf2 Qh5 27. Bc2 Bd7 28. Rd2
Bxh3 29. Rad1 Bf5 30. Rd8 h6 31. Rxf8+ Bxf8 32. Rd8 Kg7 33. Rxf8 Bxe4 34. Rxf4
Bxf3 35. Rxf3 Nxf3+ 36. Qxf3 Qc5+ 37. Qf2 Qxa5 38. Qd4+ Kg8 39. Bb3+ 1-0

[Event "Warsaw Chess Open 2022 - A"]
[Site "Warsaw"]
[Date "1899-12-30"]
[Round "9.7"]
[White "Poltorak, Sebastian"]
[Black "Podgorski, Maciej"]
[Result "1-0"]
[WhiteTitle "FM"]
[BlackTitle "I++"]
[WhiteElo "2322"]
[BlackElo "1967"]

1. d4 d5 2. c4 e6 3. Nc3 c6 4. Nf3 dxc4 5. g3 b5 6. Bg2 Nf6 7. O-O Be7 8. Ne5 Nd5
9. e4 Nxc3 10. bxc3 Bb7 11. Qg4 Bf6 12. f4 Qa5 13. Qf3 O-O 14. g4 c5 15. g5 Bxe5
16. dxe5 Nc6 17. Re1 Nd4 18. Qf2 Qxc3 19. Bb2 Qa5 20. Re3 Rad8 21. Rh3 Nf5 22.
Bc3 b4 23. Be1 Rd3 24. Rxd3 cxd3 25. exf5 Bxg2 26. Kxg2 exf5 27. Rc1 c4 28. Qd4
Qxa2+ 29. Kg1 a5 30. Rxc4 Qe2 31. Qf2 Qd1 32. Qe3 b3 33. Rc1 Qg4+ 34. Kf1 a4 35.
h3 Qe2+ 36. Qxe2 dxe2+ 37. Kxe2 b2 38. Rd1 Rb8 39. Rb1 a3 40. Bc3 h6 41. gxh6
Rb3 42. Kd2 g5 43. fxg5 f4 44. e6 a2 45. Rxb2 a1=Q 46. Rxb3 Qa2+ 47. Rb2 Qd5+
48. Kc1 Qxe6 49. Rb8+ Kh7 50. Rh8+ Kg6 51. h7 Qe3+ 52. Kb2 Qe2+ 53. Kb3 Qd1+ 54.
Kb2 Qe2+ 55. Kb3 Qe6+ 56. Kb2 f6 57. Bxf6 Qb6+ 58. Kc2 Qc5+ 59. Bc3 Qf5+ 60. Kc1
Qd3 61. Rg8+ Kxh7 62. Rg7+ Kh8 63. Bf6 Qf1+ 64. Kd2 Qg2+ 65. Kd3 Qf3+ 66. Kd4
Qe3+ 67. Kd5 Qd3+ 68. Ke5 Qe3+ 69. Kd6 Qd3+ 70. Ke7 Qe3+ 71. Kf8 Qxh3 72. Rf7#
1-0

[Event "Warsaw Chess Open 2022 - A"]
[Site "Warsaw"]
[Date "1899-12-30"]
[Round "9.8"]
[White "Karolczuk, Iwo"]
[Black "Janeczko, Jakub"]
[Result "1/2-1/2"]
[WhiteTitle "FM"]
[BlackTitle "I++"]
[WhiteElo "2319"]
[BlackElo "2080"]

1. d4 Nf6 2. Nf3 g6 3. g3 Bg7 4. Bg2 O-O 5. O-O d5 6. c4 c6 7. b3 c5 8. cxd5 Nxd5
9. Bb2 Nc6 10. Qd2 cxd4 11. Nxd4 Nxd4 12. Bxd4 Nb6 13. Bxg7 Qxd2 14. Nxd2 Kxg7
15. Rac1 Rd8 16. Nf3 Rb8 17. e3 a6 18. Nd4 Kf8 19. Rc5 Bd7 20. Rfc1 Rdc8 21. f4
Rxc5 22. Rxc5 Rc8 23. Rxc8+ Bxc8 24. Kf2 Nd7 25. e4 e5 26. Nf3 f6 27. Ke3 Ke7
28. Bh3 exf4+ 29. gxf4 Nb6 30. Bxc8 Nxc8 31. Kd4 Ke6 32. Kc5 Kd7 33. b4 b6+ 34.
Kd5 Ne7+ 35. Kc4 Kc6 36. a4 h6 37. a5 bxa5 38. bxa5 Kd6 39. e5+ fxe5 40. fxe5+
Ke6 41. Kc5 g5 42. h3 Nd5 43. Kc6 Nb4+ 44. Kc5 Nd5 1/2-1/2

[Event "Warsaw Chess Open 2022 - A"]
[Site "Warsaw"]
[Date "1899-12-30"]
[Round "9.9"]
[White "Chyzy, Jakub"]
[Black "Terzi, Alexei"]
[Result "1/2-1/2"]
[WhiteTitle "FM"]
[BlackTitle "FM"]
[WhiteElo "2230"]
[BlackElo "2286"]

1. e4 c5 2. Nc3 Nc6 3. Bb5 Nd4 4. Bc4 e6 5. Nf3 Ne7 6. Nxd4 cxd4 7. Ne2 Nc6 8.
d3 Bc5 9. O-O Na5 10. a3 Nxc4 11. dxc4 e5 12. b4 Bb6 13. c5 Bc7 14. c3 dxc3 15.
Nxc3 d6 16. Nb5 dxc5 17. Bg5 Qd7 18. Qxd7+ Kxd7 19. Rac1 Bb6 20. Rfd1+ Ke8 21.
bxc5 Ba5 22. c6 bxc6 23. Rxc6 f6 24. Be3 Kf7 25. Nd6+ Kg6 26. Nc4 Bc3 27. Rd3
Ba1 28. f4 Bb7 29. f5+ Kh5 30. Rc7 Bxe4 31. Rd1 Rac8 32. Rxc8 Rxc8 33. Nd2 Bxf5
34. Rxa1 a6 35. a4 Bd3 36. Ra3 e4 37. Kf2 f5 38. h3 g5 39. g3 Rc2 40. a5 h6 41.
Rb3 Ra2 42. Rb6 Rxa5 43. Bd4 Rb5 44. Rd6 Rb7 45. Nb3 e3+ 46. Kxe3 Rxb3 47. Bg7
f4+ 48. Kd2 Bg6 49. g4+ Kh4 50. Rxg6 Kxh3 51. Bxh6 Kxg4 52. Rxg5+ Kf3 53. Ra5
Rb6 54. Ra3+ Kg4 55. Bg7 Rd6+ 56. Ke2 Re6+ 57. Kf2 Rc6 58. Ra2 Rg6 59. Be5 Re6
60. Ra5 Kf5 61. Bc7+ Kg4 62. Ra4 Rf6 63. Rd4 Rf7 64. Ba5 Rf5 65. Bd2 Rf6 66. Ra4
Rf7 67. Rxa6 Rd7 68. Ba5 Rd5 69. Ra8 Rd3 70. Rg8+ Kf5 71. Rf8+ Ke4 72. Re8+ Kf5
73. Bc7 Rd2+ 74. Ke1 Rd4 75. Rf8+ Kg4 76. Ke2 Rc4 77. Rg8+ Kf5 78. Ba5 Re4+ 79.
Kf3 Re3+ 80. Kf2 Rd3 81. Bb4 Ke4 82. Re8+ Kf5 83. Rc8 Kg4 84. Be1 Rf3+ 85. Kg2
Rd3 86. Rf8 Rd1 87. Kf2 Rd3 88. Rg8+ Kf5 89. Bb4 Ke4 90. Re8+ Kf5 91. Ba5 Rd5
92. Bc7 Rd2+ 93. Kf1 Rd4 94. Ba5 Rd3 95. Kf2 Kg4 96. Be1 Rf3+ 97. Kg2 Rd3 98.
Rf8 Re3 99. Bf2 Rd3 100. Rg8+ Kf5 101. Kf1 Rb3 102. Ke2 Rb2+ 103. Kf3 Rb3+ 104.
Kg2 Rd3 105. Be1 Re3 106. Kf2 Rd3 107. Bb4 Ke4 108. Re8+ Kf5 109. Ba5 Kg4 110.
Rg8+ Kf5 111. Bc7 Rd2+ 112. Kf3 Rd3+ 113. Ke2 Rd4 114. Ba5 Re4+ 115. Kd3 Re3+
116. Kd2 Re7 117. Bb4 1/2-1/2

[Event "Warsaw Chess Open 2022 - A"]
[Site "Warsaw"]
[Date "1899-12-30"]
[Round "9.10"]
[White "Sowul, Bartosz"]
[Black "Czernek, Tymon"]
[Result "0-1"]
[WhiteTitle "k++"]
[BlackTitle "FM"]
[WhiteElo "2283"]
[BlackElo "2188"]

1. e4 c5 2. Nc3 a6 3. g3 b5 4. Bg2 Bb7 5. Nge2 e6 6. d4 cxd4 7. Nxd4 Bb4 8. O-O
Ne7 9. a4 bxa4 10. Rxa4 a5 11. Qg4 O-O 12. Rd1 Nbc6 13. Bg5 Kh8 14. Qh4 Qe8 15.
Ndb5 f6 16. Be3 Ng6 17. Qh5 Qe7 18. e5 Ngxe5 19. Ne4 d5 20. c3 dxe4 21. cxb4 Nxb4
22. Nd6 Bc6 23. Raa1 Nc2 24. Rac1 Nxe3 25. fxe3 f5 26. Qe2 Rfd8 27. Nc4 Bb5 28.
b3 Bxc4 29. bxc4 Qc5 0-1

[Event "Warsaw Chess Open 2022 - A"]
[Site "Warsaw"]
[Date "1899-12-30"]
[Round "9.11"]
[White "Sriram, Jha"]
[Black "Malek, Jan"]
[Result "1-0"]
[WhiteTitle "GM"]
[BlackTitle "k++"]
[WhiteElo "2361"]
[BlackElo "2320"]

1. d4 Nf6 2. c4 e6 3. Nf3 d5 4. Bg5 dxc4 5. Qa4+ Nbd7 6. e3 a6 7. Bxc4 Rb8 8. Be2
b5 9. Qc2 Bb7 10. O-O c5 11. a4 Be4 12. Qd1 Qb6 13. axb5 axb5 14. Nc3 Bc6 15.
Bxf6 Nxf6 16. Ne5 c4 17. b3 Bb4 18. Na2 Bd6 19. bxc4 Bxe5 20. dxe5 Nd7 21. Rb1
Nxe5 22. Qd6 Nd7 23. Rfd1 Qc5 24. Qxc5 Nxc5 25. cxb5 Bd7 26. Rbc1 Na4 27. Rc7
Nb6 28. Nb4 Nd5 29. Nxd5 exd5 30. Rxd5 Be6 31. Rd6 O-O 32. b6 Ra8 33. Ra7 Rac8
34. b7 Rc7 35. f4 1-0

[Event "Warsaw Chess Open 2022 - A"]
[Site "Warsaw"]
[Date "1899-12-30"]
[Round "9.12"]
[White "Yezhel, Valiantsin"]
[Black "Szczurek, Krzysztof"]
[Result "0-1"]
[WhiteTitle ""]
[BlackTitle "FM"]
[WhiteElo "2248"]
[BlackElo "2151"]

1. d4 d5 2. Bf4 Nf6 3. e3 c5 4. c3 Qb6 5. Qb3 Nc6 6. Nd2 e6 7. Ngf3 Be7 8. h3 O-O
9. Be2 Bd7 10. g4 Ne8 11. h4 f6 12. Qc2 c4 13. e4 Bd6 14. Be3 Qc7 15. h5 b5 16.
Nh4 dxe4 17. Nxe4 f5 18. Nxd6 Qxd6 19. a4 f4 20. Bd2 Na5 21. axb5 Nb3 22. Ra2
Bxb5 23. Bf3 Bc6 24. Ra6 Rc8 25. Rxa7 Bxf3 26. Nxf3 Qd5 27. Rh3 Nxd2 28. Kxd2
Nf6 29. h6 g6 30. Ne5 Ne4+ 31. Ke2 Rf6 32. f3 Ng5 33. Rg7+ Kh8 34. Rh5 gxh5 35.
Rxg5 Rg8 36. Rxh5 Qb7 37. Nxc4 Rgg6 38. Ne5 Rxh6 39. Rxh6 Rxh6 40. Kd3 Rf6 41.
b4 Qb5+ 42. Kd2 Kg8 43. Qe4 Qa6 44. Qc6 Qa2+ 45. Kd3 Rf8 46. b5 Qb1+ 47. Kc4 Qa2+
48. Kc5 Qa3+ 49. Kb6 Rb8+ 50. Kc7 Qa7+ 51. Kd6 Rb6 52. Nd7 Qa3+ 53. Nc5 Rxc6+
54. bxc6 Qxc3 55. c7 Qxd4+ 56. Kc6 Qd5+ 57. Kb6 Qd6+ 58. Kb7 Qxc5 59. c8=R+ Qxc8+
60. Kxc8 e5 61. Kd7 e4 0-1

[Event "Warsaw Chess Open 2022 - A"]
[Site "Warsaw"]
[Date "1899-12-30"]
[Round "9.13"]
[White "Shamatava, Nikolozi"]
[Black "Mulawa, Cyprian"]
[Result "1/2-1/2"]
[WhiteTitle ""]
[BlackTitle "I"]
[WhiteElo "1783"]
[BlackElo "1949"]

1. d4 Nf6 2. Nf3 c5 3. e3 g6 4. b3 Bg7 5. Bb2 Ne4 6. Nfd2 f5 7. Nxe4 fxe4 8. c4
O-O 9. Qd2 d6 10. d5 Bxb2 11. Qxb2 e6 12. Nd2 Qh4 13. g3 Qh5 14. Bg2 exd5 15.
cxd5 Bh3 16. Bxe4 Nd7 17. f4 Rae8 18. Bf3 Bg4 19. Bxg4 Qxg4 20. Qc3 Nf6 21. O-O
Qf5 22. Rae1 b5 23. e4 Nxe4 24. Nxe4 Rxe4 25. Rxe4 Qxe4 26. Re1 Qxd5 27. Re7 Qd4+
28. Qxd4 cxd4 29. Re4 Rc8 30. Rxd4 Rc1+ 31. Kg2 Rc2+ 32. Kh3 Rxa2 33. Rxd6 Rb2
34. Ra6 Rxb3 35. Rxa7 Rd3 36. Rb7 Rd5 37. Kg4 Rc5 38. Kf3 h5 39. Ke4 Kf8 40. Kd4
Rf5 41. Ke3 Rc5 42. Ke4 Rf5 43. h3 Rf7 44. Rxb5 Kg7 45. f5 Ra7 46. Kf4 gxf5 47.
Kxf5 Ra3 48. Kf4 h4 49. g4 Rxh3 50. Rb7+ Kg6 51. Rb6+ Kg7 52. Kg5 Rf3 53. Rb7+
Rf7 54. Rxf7+ Kxf7 55. Kxh4 Kg6 56. g5 Kg7 57. Kh5 Kh7 58. g6+ Kg7 59. Kg5 Kg8
60. g7 Kxg7 1/2-1/2

[Event "Warsaw Chess Open 2022 - A"]
[Site "Warsaw"]
[Date "1899-12-30"]
[Round "9.14"]
[White "Danielyan, Vahe"]
[Black "Mickiewicz, Piotr"]
[Result "0-1"]
[WhiteTitle "IM"]
[BlackTitle "m"]
[WhiteElo "2295"]
[BlackElo "2284"]

1. e4 c5 2. Nf3 e6 3. Nc3 d6 4. d4 cxd4 5. Nxd4 a6 6. Be3 b5 7. a4 b4 8. Na2 Nf6
9. Bd3 Bb7 10. Nxb4 d5 11. c3 dxe4 12. Be2 Nbd7 13. O-O Qc7 14. f4 h5 15. a5 Bd6
16. h3 h4 17. f5 e5 18. Ndc2 Nc5 19. Bg5 Rd8 20. Bxf6 gxf6 21. Ne3 Nd3 22. Kh2
Bc5 23. Qa4+ Ke7 24. Nbc2 Nf4 25. Bg4 Rd2 26. b4 Nxg2 27. Nxg2 e3 28. Nce1 Bxg2
29. Nxg2 e4+ 30. Kh1 Qg3 31. Rg1 Bd6 0-1

[Event "Warsaw Chess Open 2022 - A"]
[Site "Warsaw"]
[Date "1899-12-30"]
[Round "9.15"]
[White "Zysko, Jan"]
[Black "Klim, Filip"]
[Result "1/2-1/2"]
[WhiteTitle "k"]
[BlackTitle "I++"]
[WhiteElo "2138"]
[BlackElo "1975"]

1. e4 e5 2. Nf3 Nc6 3. Bb5 a6 4. Ba4 d6 5. c3 f5 6. exf5 Bxf5 7. O-O Bd3 8. Re1
Be7 9. Bc2 Bxc2 10. Qxc2 Nf6 11. d4 e4 12. Ng5 d5 13. Bf4 Qd7 14. Nd2 Qf5 15.
Nh3 g5 16. Bxg5 Rg8 17. f3 Rxg5 18. Nxg5 Qxg5 19. fxe4 O-O-O 20. exd5 Nxd5 21.
Nf3 Qg4 22. Qe4 Nf4 23. g3 Bd6 24. Kh1 Rg8 25. Ng1 Nh5 26. Qxg4+ Rxg4 27. Re6
Rg6 28. Rae1 Nf6 29. Nf3 Kd7 30. Nh4 Rh6 31. Nf5 Rg6 32. Nh4 Rh6 33. Nf5 Rg6 34.
Nxd6 cxd6 35. Kg2 b5 36. Kf3 b4 37. g4 bxc3 38. bxc3 Ne5+ 39. dxe5 Kxe6 40. exf6+
Kxf6 41. Kf4 Rg8 42. Rd1 Ke6 43. h4 h6 44. g5 hxg5+ 45. hxg5 Rc8 46. g6 Rxc3 47.
Rg1 Rc8 48. Kg5 Ke7 49. Kh6 Rh8+ 50. Kg7 Rh2 51. a4 d5 52. Kg8 d4 53. Re1+ Kd6
54. Re4 Rg2 55. g7 Kd5 56. Re8 d3 57. Kf7 Kc5 58. g8=Q Rxg8 59. Rxg8 Kb4 60. Ke6
Kxa4 61. Rd8 a5 62. Rxd3 Kb4 63. Rd8 a4 64. Kd5 a3 65. Kd4 a2 66. Rb8+ Ka3 67.
Ra8+ Kb2 68. Rb8+ Ka3 69. Ra8+ Kb2 70. Ke4 1/2-1/2

[Event "Warsaw Chess Open 2022 - A"]
[Site "Warsaw"]
[Date "1899-12-30"]
[Round "9.16"]
[White "Sliwerski, Radoslaw"]
[Black "Dubnevych, Maksym"]
[Result "1/2-1/2"]
[WhiteTitle "k++"]
[BlackTitle ""]
[WhiteElo "1951"]
[BlackElo "2131"]

1. d4 d5 2. c4 e6 3. Nc3 Nf6 4. cxd5 exd5 5. Bg5 c6 6. Qc2 Bd6 7. e3 O-O 8. Bd3
h6 9. Bh4 Re8 10. Nge2 a5 11. Bxf6 Qxf6 12. a3 Qh4 13. e4 dxe4 14. Nxe4 Bc7 15.
O-O-O Be6 16. Kb1 Nd7 17. N2c3 Rac8 18. Nc5 Nxc5 19. dxc5 Kh8 20. Bf5 Qg5 21.
Bxe6 Rxe6 22. Rd7 Qxg2 23. Rhd1 Qxh2 24. Rxf7 Rce8 25. Rdd7 Be5 26. Ne4 a4 27.
Nd6 Qg1+ 28. Qc1 Qg6+ 29. Qc2 Qg1+ 30. Qc1 Qg6+ 31. Qc2 1/2-1/2

[Event "Warsaw Chess Open 2022 - A"]
[Site "Warsaw"]
[Date "1899-12-30"]
[Round "9.18"]
[White "Ciborowski, Konrad Jr"]
[Black "Pires, Emanuel Joao Robarts"]
[Result "0-1"]
[WhiteTitle "I++"]
[BlackTitle "I++"]
[WhiteElo "1904"]
[BlackElo "2062"]

1. c4 e6 2. Nf3 Nf6 3. e3 d5 4. b3 Be7 5. Bb2 c5 6. cxd5 exd5 7. d4 O-O 8. Be2
Nc6 9. O-O Ne4 10. Nc3 Bf6 11. Na4 b6 12. Rc1 Be6 13. Ba3 Nb4 14. dxc5 bxc5 15.
Nxc5 Nxa2 16. Nxe6 fxe6 17. Bxf8 Nxc1 18. Qxc1 Nc3 19. Nd4 Bxd4 0-1

[Event "Warsaw Chess Open 2022 - A"]
[Site "Warsaw"]
[Date "1899-12-30"]
[Round "9.19"]
[White "Siekanska, Zuzanna"]
[Black "Meers, Hubert"]
[Result "1-0"]
[WhiteTitle "I++"]
[BlackTitle "k"]
[WhiteElo "1712"]
[BlackElo "2003"]

1. d4 f5 2. c4 Nf6 3. Nc3 g6 4. Nf3 Bg7 5. Bf4 O-O 6. e3 d6 7. c5 Kh8 8. Qb3 Ne4
9. h4 e5 10. Bg5 Nxg5 11. Nxg5 exd4 12. exd4 Qe7+ 13. Be2 Bxd4 14. cxd6 cxd6 15.
Nd5 Qg7 16. h5 Qh6 17. f4 Nd7 18. O-O-O Nc5 19. Qc4 Bg7 20. hxg6 b5 21. Rxh6 bxc4
22. Rxh7+ Kg8 23. Ne7# 1-0

[Event "Warsaw Chess Open 2022 - A"]
[Site "Warsaw"]
[Date "1899-12-30"]
[Round "9.20"]
[White "Krasiewicz, Robert"]
[Black "Fishchuk, Vladyslav"]
[Result "0-1"]
[WhiteTitle "k+"]
[BlackTitle "FM"]
[WhiteElo "1999"]
[BlackElo "2309"]

1. c4 e5 2. g3 c6 3. d4 e4 4. d5 Bb4+ 5. Bd2 Qe7 6. Nc3 Nf6 7. Bg2 O-O 8. Qb3 Na6
9. O-O-O cxd5 10. cxd5 d6 11. Kb1 Bf5 12. Ka1 Ng4 13. Nh3 e3 14. fxe3 Nxe3 15.
Bxe3 Qxe3 16. Rhf1 Bxh3 17. Bxh3 Bxc3 18. Qxc3 Qxe2 19. Rd2 Qh5 20. Bf5 Rae8 21.
Rd4 g6 22. Rh4 Qg5 23. Rg4 Qe7 24. Bb1 Nc5 25. h4 Qe5 26. Qd2 Qe3 27. Qb4 Re5
28. Qd4 Qxd4 29. Rxd4 a5 30. g4 Kg7 31. Bc2 Rfe8 32. Kb1 Re1+ 33. Rd1 Rxf1 34.
Rxf1 Re2 35. Kc1 h6 36. Rf4 Rg2 37. b4 axb4 38. Rxb4 Kf6 39. Rf4+ Ke7 40. h5 gxh5
41. gxh5 Rg5 42. Rh4 Rxd5 43. Kb2 f5 44. Rh2 f4 45. Rh4 Ne6 46. Bb3 Rf5 47. Bc2
Rf6 48. Rh2 f3 49. Rf2 Ng5 50. Kc3 Ke6 51. Kd4 Rf4+ 52. Ke3 Ke5 53. Bb3 0-1

[Event "Warsaw Chess Open 2022 - A"]
[Site "Warsaw"]
[Date "1899-12-30"]
[Round "9.21"]
[White "Choroszej, Aleksander"]
[Black "Zaninotto, Franco"]
[Result "1-0"]
[WhiteTitle "k"]
[BlackTitle "FM"]
[WhiteElo "2040"]
[BlackElo "2069"]

1. d4 Nf6 2. c4 g6 3. Nc3 Bg7 4. e4 d6 5. f4 O-O 6. Nf3 c5 7. d5 e6 8. Be2 exd5
9. cxd5 Nbd7 10. O-O Re8 11. Qc2 a6 12. a4 Qc7 13. h3 c4 14. Kh2 Nc5 15. Nd2 Bd7
16. Bxc4 Nfxe4 17. Ncxe4 Nxe4 18. Nxe4 Bf5 19. Re1 Rac8 20. Bd3 Qxc2 21. Bxc2
Bd7 22. Be3 Rxc2 23. Nxd6 Re7 24. Nxb7 Bf5 25. Nd6 Bd7 26. Nb7 Rxb2 27. Nc5 Bf5
28. d6 Re8 29. d7 Rd8 30. Rad1 Bf8 31. Bd4 Rb4 32. Bf6 1-0

[Event "Warsaw Chess Open 2022 - A"]
[Site "Warsaw"]
[Date "1899-12-30"]
[Round "9.22"]
[White "Kulesza, Andrzej"]
[Black "Celinski, Kamil"]
[Result "1-0"]
[WhiteTitle "I++"]
[BlackTitle "I++"]
[WhiteElo "2051"]
[BlackElo "1876"]

1. e4 e5 2. Nf3 Nc6 3. d4 exd4 4. Nxd4 Nf6 5. Nxc6 bxc6 6. e5 Qe7 7. Qe2 Nd5 8.
c4 Ba6 9. Nd2 g6 10. Nf3 Bg7 11. Bg5 Qb4+ 12. Qd2 Qxd2+ 13. Kxd2 Nb6 14. b3 O-O
15. Re1 Rfe8 16. Bd3 h6 17. Bh4 c5 18. Be4 Rab8 19. Bg3 Bb7 20. Kd3 Bxe4+ 21.
Rxe4 a5 22. Rhe1 a4 23. e6 dxe6 24. Bxc7 Rb7 25. Be5 f6 26. Bc3 e5 27. Kc2 axb3+
28. axb3 Ra8 29. Ra1 Rxa1 30. Bxa1 Ra7 31. Bb2 Nc8 32. Re1 Nd6 33. g4 Kf7 34.
Nd2 Bf8 35. f3 Ne8 36. h4 Nc7 37. Rh1 Ne6 38. h5 gxh5 39. Rxh5 Nf4 40. Rh1 Rd7
41. Ra1 Nd3 42. Bc3 Kg6 43. Ne4 Nb4+ 44. Bxb4 cxb4 45. Ra6 Be7 46. Rb6 Rc7 47.
Kd3 Rd7+ 48. Ke2 Rc7 49. Ke3 Kg7 50. Nd6 Kg6 51. Ke4 Kg5 52. Nf5 Bf8 53. Rb8 Rf7
54. Rc8 h5 55. gxh5 Kxh5 56. c5 Kg5 57. c6 Bg7 58. Rg8 Kg6 59. Rxg7+ 1-0

[Event "Warsaw Chess Open 2022 - A"]
[Site "Warsaw"]
[Date "1899-12-30"]
[Round "9.23"]
[White "Gradalski, Olaf"]
[Black "Yasmo, Daniil"]
[Result "1-0"]
[WhiteTitle "k"]
[BlackTitle ""]
[WhiteElo "2049"]
[BlackElo "1680"]

1. g3 Nf6 2. Bg2 c5 3. e4 Nc6 4. c3 e5 5. Ne2 d5 6. exd5 Nxd5 7. O-O Nc7 8. d4
cxd4 9. cxd4 Nxd4 10. Nxd4 Qxd4 11. Qe2 Bg4 12. Qc2 O-O-O 13. Be3 Qd3 14. Qa4
Be6 15. Rc1 Qa6 16. Qxa6 bxa6 17. Bxa7 Bd6 18. Nc3 f5 19. Na4 e4 20. f3 Bd5 21.
Nb6+ Kb7 22. Nxd5 Nxd5 23. fxe4 fxe4 24. Bd4 Nf6 25. Bxf6 gxf6 26. Bxe4+ Ka7 27.
Rc2 Be5 28. Rb1 Rd4 29. Bf3 Rhd8 30. Re1 h6 31. Kg2 Rd2+ 32. Re2 R2d4 33. a3 Rd3
34. Bg4 Rb3 35. Be6 Rb6 36. Bc4 Rc6 37. b3 Rcd6 38. Rf2 Kb6 39. Kh3 Rd4 40. Rf5
Rh8 41. Rh5 Kb7 42. Rf2 Kb6 43. Rff5 Kb7 44. Rh4 Rxh4+ 45. Kxh4 a5 46. Kh5 Kc6
47. Kg6 Kd6 48. Rh5 Ke7 49. b4 axb4 50. axb4 Rc8 51. Rh4 Kd6 52. b5 Kc5 53. Be2
Re8 54. Rc4+ Kb6 55. Rc6+ Kb7 56. Bf3 Kb8 57. Ra6 Kc7 58. b6+ Kd6 59. b7+ Ke7
60. Ra8 Kf8 61. Bc6 Rb8 62. Kxh6 Kg8 63. Kg6 Kf8 64. Rxb8+ Bxb8 65. Kxf6 Bc7 66.
Ke6 Kg7 67. Kd7 1-0

[Event "Warsaw Chess Open 2022 - A"]
[Site "Warsaw"]
[Date "1899-12-30"]
[Round "9.24"]
[White "Oniani, Tamar"]
[Black "Rudolf, Michal"]
[Result "0-1"]
[WhiteTitle ""]
[BlackTitle "FM"]
[WhiteElo "1663"]
[BlackElo "2361"]

1. d4 Nf6 2. c4 e6 3. Nf3 d5 4. g3 Bb4+ 5. Bd2 Bd6 6. Bg2 c6 7. Qc2 O-O 8. O-O
Nbd7 9. b3 Ne4 10. Nc3 f5 11. Nxe4 dxe4 12. Ng5 Qf6 13. c5 Bc7 14. Qc4 Nb8 15.
f3 h6 16. Nh3 b6 17. fxe4 Ba6 18. Qc3 bxc5 19. e5 Qd8 20. dxc5 Nd7 21. Be3 Bxe5
22. Bd4 Qf6 23. Rfd1 Bxe2 24. Rd2 Bxd4+ 25. Qxd4 Ne5 26. Re1 Rad8 27. Qe3 Rxd2
28. Qxd2 Nf3+ 29. Bxf3 Bxf3 30. Nf4 Rd8 31. Qe3 Be4 32. g4 Qb2 33. gxf5 exf5 34.
Re2 Qb1+ 35. Kf2 Qh1 36. Qg3 Rd1 37. Ke3 g5 38. Rd2 Re1+ 39. Kd4 Rg1 40. Qh3 gxf4
41. Ke5 Bd5 42. Rd4 Rg6 43. Kxf5 Be6+ 44. Kxg6 Qg1+ 0-1

[Event "Warsaw Chess Open 2022 - A"]
[Site "Warsaw"]
[Date "1899-12-30"]
[Round "9.25"]
[White "Dalkowski, Rafal"]
[Black "Keely, Leo A"]
[Result "1-0"]
[WhiteTitle "k"]
[BlackTitle ""]
[WhiteElo "2120"]
[BlackElo "1955"]

1. d4 Nf6 2. c4 g6 3. Nc3 d6 4. e4 Bg7 5. f3 O-O 6. Be3 c5 7. d5 e6 8. Nge2 exd5
9. cxd5 a6 10. a4 b6 11. Ng3 Nbd7 12. Be2 Ne5 13. O-O h5 14. Nh1 Ra7 15. Nf2 Nh7
16. f4 Ng4 17. Nxg4 hxg4 18. Bxg4 f5 19. exf5 Bxf5 20. Bxf5 Rxf5 21. Qg4 Qe8 22.
Rae1 Qf7 23. Bd2 Bd4+ 24. Kh1 Nf6 25. Qf3 Rh5 26. g4 Rh4 27. h3 Qh7 28. Kg2 Rf7
29. Rh1 Kg7 30. Ne4 Nxe4 31. Qxe4 Bxb2 32. Qb1 Bd4 33. Qxb6 Qg8 34. Qxd6 Qc8 35.
Re6 Qd7 36. Rxg6+ Kh7 37. Qxd7 Rxd7 38. f5 Rb7 39. Kg3 Rb2 40. Kxh4 Rxd2 41. Rb1
Bf2+ 42. Kh5 Rxd5 43. Rb7+ Kh8 44. Kh6 Be3+ 45. g5 1-0

[Event "Warsaw Chess Open 2022 - A"]
[Site "Warsaw"]
[Date "1899-12-30"]
[Round "9.26"]
[White "Murchadha, Oissine"]
[Black "Spicak, Krzysztof"]
[Result "0-1"]
[WhiteTitle "I"]
[BlackTitle "k"]
[WhiteElo "1984"]
[BlackElo "1858"]

1. b3 e5 2. Bb2 f6 3. d4 exd4 4. Qxd4 Nc6 5. Qd2 d5 6. e3 Bc5 7. Nf3 Nge7 8. Be2
O-O 9. O-O Be6 10. c4 dxc4 11. bxc4 Qxd2 12. Nbxd2 Ng6 13. Nb3 Be7 14. Nbd4 Nxd4
15. Nxd4 Bf7 16. Nf5 Rfd8 17. Rfd1 Bf8 18. Rac1 c6 19. f4 Rxd1+ 20. Rxd1 Re8 21.
Kf2 Be6 22. Nd4 Bc8 23. Nb3 Ne7 24. g4 Kf7 25. h4 g6 26. Bd4 b6 27. Bc3 c5 28.
Na1 Nc6 29. a3 Be6 30. Bf3 Na5 31. Bxa5 bxa5 32. Nb3 Bxc4 33. Nxa5 Be6 34. Bd5
Rc8 35. Nc4 Rc7 36. Ke2 Ke7 37. Bxe6 Kxe6 38. Rb1 Bd6 39. Kd3 Be7 40. Rb8 Rd7+
41. Kc2 Kd5 42. Kd3 Ke6+ 43. Kc3 Bd8 44. Rb1 h5 45. gxh5 gxh5 46. e4 f5 47. Re1
Bf6+ 48. e5 Be7 49. Rg1 Rd4 50. Rg6+ Kf7 51. Rh6 Rxf4 52. Rxh5 Rxh4 53. Rxf5+
Ke6 54. Rf3 Re4 55. Rh3 Kd5 56. Rd3+ Kc6 57. Kb3 a6 58. Rh3 Kd5 59. Rd3+ Rd4 60.
Rg3 Rxc4 61. Rg7 Re4 62. Rxe7 Re3+ 63. Kb2 Rxe5 64. Rh7 Kc4 65. Rh4+ Kb5 66. Rh3
Re4 67. Kb3 a5 68. Rg3 Rc4 69. Rg8 a4+ 70. Kb2 Rf4 71. Ra8 Rf2+ 72. Kb1 Kc4 73.
Rh8 Rd2 74. Rh4+ Kc3 75. Rh3+ Rd3 76. Rh2 Kb3 77. Kc1 Kxa3 78. Kc2 Rb3 79. Rh5
Kb4 80. Rh8 Rg3 81. Ra8 a3 82. Kb1 Rg2 83. Rh8 c4 84. Rh7 Kb3 85. Rb7+ Kc3 86.
Rc7 Rb2+ 87. Kc1 Rb4 88. Ra7 Kb3 89. Kb1 c3 90. Rc7 Rb8 91. Ka1 c2 92. Rc6 Rb4
93. Rc8 Rc4 94. Rb8+ Ka4 95. Ka2 Ka5 96. Ra8+ Kb6 97. Rb8+ Ka7 0-1

[Event "Warsaw Chess Open 2022 - A"]
[Site "Warsaw"]
[Date "1899-12-30"]
[Round "9.27"]
[White "Markuszewski, Maksymilian"]
[Black "Siekanska, Maria"]
[Result "1/2-1/2"]
[WhiteTitle ""]
[BlackTitle "k+"]
[WhiteElo "1931"]
[BlackElo "1964"]

1. d4 d5 2. c4 e6 3. Nf3 c5 4. cxd5 exd5 5. g3 Nc6 6. Bg2 Nf6 7. O-O Be7 8. dxc5
Bxc5 9. a3 Ne4 10. b4 Be7 11. Bb2 Bf6 12. Ra2 O-O 13. Nd4 Re8 14. e3 Bxd4 15.
Bxd4 Bf5 16. Nc3 Rc8 17. Ne2 Qd7 18. Qa1 Nxd4 19. Qxd4 b6 20. Rd1 Qa4 21. Qa1
Red8 22. Rd4 Rc4 23. Qd1 Qc6 24. Ra1 Qf6 25. f3 Ng5 26. Rc1 Rxc1 27. Nxc1 Rc8
28. Rxd5 h5 29. e4 Bh3 30. Rd3 Bxg2 31. Kxg2 h4 32. Ne2 h3+ 33. Kh1 1/2-1/2

[Event "Warsaw Chess Open 2022 - A"]
[Site "Warsaw"]
[Date "1899-12-30"]
[Round "9.28"]
[White "Zalega, Maciej"]
[Black "Pettersson, Alexander"]
[Result "1-0"]
[WhiteTitle "I+"]
[BlackTitle "II+"]
[WhiteElo "1912"]
[BlackElo "1968"]

1. e4 c6 2. d4 d5 3. Nc3 dxe4 4. Nxe4 Nd7 5. Nf3 Ngf6 6. Ng3 e6 7. Bd3 Be7 8. O-O
O-O 9. Qe2 c5 10. c3 b6 11. Be3 Bb7 12. Ne5 Nd5 13. Nxd7 Qxd7 14. Rad1 Qc6 15.
f3 Nxe3 16. Qxe3 cxd4 17. cxd4 Qd7 18. Kh1 Rfd8 19. Nh5 Rac8 20. Rfe1 Qd5 21.
Be4 Qxh5 22. Bxb7 Bd6 23. f4 Rc2 24. d5 Bc5 25. Qb3 Rf2 26. dxe6 Rfd2 27. Rxd2
Rxd2 28. Bf3 Qh4 29. exf7+ 1-0

[Event "Warsaw Chess Open 2022 - A"]
[Site "Warsaw"]
[Date "1899-12-30"]
[Round "9.29"]
[White "Kostecka, Marika"]
[Black "Bogusz, Alan"]
[Result "1/2-1/2"]
[WhiteTitle "WCM"]
[BlackTitle "I"]
[WhiteElo "1836"]
[BlackElo "1794"]

1. e4 c5 2. Nf3 d6 3. d4 cxd4 4. Nxd4 Nf6 5. Nc3 a6 6. Be3 e5 7. Nb3 Be6 8. f3
h5 9. Nd5 Bxd5 10. exd5 Nbd7 11. Be2 Be7 12. O-O O-O 13. Qd2 Qc7 14. Na5 Rfc8
15. c4 g6 16. b4 Bf8 17. Rac1 b6 18. Nb3 a5 19. a3 axb4 20. Qxb4 Nc5 21. Nxc5
dxc5 22. Qb3 Bd6 23. Rb1 Nd7 24. Qc3 Ra7 25. Rb3 Rca8 26. Bc1 Qd8 27. Bb2 f6 28.
Qc2 Kg7 29. Bc1 Qe7 30. Bd3 Qf7 31. Qc3 Rh8 32. Bc2 h4 33. h3 Qe7 34. Qd3 Qf7
35. Qe2 Raa8 36. f4 Rae8 37. f5 g5 38. Qe4 Ra8 39. Bd2 Ra7 40. Ra1 Rha8 41. Kh1
Kf8 42. Bc1 Ke7 43. Rb5 Qe8 44. Bd1 Ra5 45. Rab1 Rxb5 46. Rxb5 Ra7 47. a4 Qa8
48. Bd2 Qd8 49. Rb2 Qa8 50. Rb5 Qd8 51. Rb2 1/2-1/2